000 00678nam a2200205Ia 4500
003 OSt
005 20250224094648.0
008 210210b2000 xxu||||| |||| 00| 0 eng d
040 _cAL
041 _aKannada
082 _aK894.1 SHAS
100 _aSHANTAVIRAYYA (Hi Chi)
_9149722
_dಶಾಂತವೀರಯ್ಯ(ಹೀ ಚಿ)
245 _aSarvajnana vachanagalu.
_bಸರ್ವಜ್ಞನ ವಚನಗಳು
260 _aBengaluru.
_bVasan Buk Dipo.,
_c2000
300 _a236
690 _aKannada Poetry
_9149723
700 _aSHRIDEVI KAMMUR (H S)
_9202108
_dಶ್ರೀದೇವಿ ಕಮ್ಮೂರ್ (ಎಚ್ ಎಸ್ )
906 _a057404
942 _2ddc
_cBK
999 _c104777
_d104777